| 000 | 00441nam a2200157Ia 4500 | ||
|---|---|---|---|
| 008 | 230917s9999||||xx |||||||||||||| ||und|| | ||
| 020 | _cRS 2495.00 | ||
| 040 |
_e5014945 _aMAIN |
||
| 041 | _aEnglish | ||
| 082 | _a589 S44T | ||
| 100 | _aSambanurty, A V S S | ||
| 245 | 0 | _aTextbook of morphology and taxonomy | |
| 260 |
_aNew Delhi _bShri Sai Printographers _c2020 |
||
| 500 | _a4236 24/12/2021 FP22/1331 04/01/2022 Main Budget | ||
| 942 | _cBK | ||
| 999 |
_c3774 _d3774 |
||